Concept to Logo #2 - Statistics

General Stats
  • This quiz has been taken 9 times
  • The average score is 3 of 10
Answer Stats
Logo Concept Answer % Correct
Globe or sphere, representing global communication and connectivity AT&T
100%
Musical note or symbol, representing music streaming and digital audio. Spotify
56%
Silhouette of a person in a running or jumping pose, representing athletic performance Jordan
44%
Wheel or gear, representing engineering, innovation Mercedes-Benz
33%
Wings or a winged symbol, representing speed, delivery, and air travel American Airlines
22%
Lens or aperture, representing photography, visual media Canon
11%
Wave or flowing line, representing water, refreshment, and a beverage brand. Dasani
11%
Flame or spark, representing energy, innovation, and a technology company. Intel
11%
Star, representing quality, excellence, and a luxury automobile brand. Mastercard
11%
Shield or crest, representing security, reliability, and financial services Visa
11%
No matching quizzes found
Score Distribution
Percent of People with Each Score
Percentile by Number Answered
Your Score History
You have not taken this quiz